[Event "56th Rubinstein Memorial A 2020"]
[Site "Polanica Zdroj"]
[Date "2020.08.23"]
[Round "9.20"]
[White "Turski, Bartlomiej"]
[Black "Bojczewski, Mateusz"]
[Result "0-1"]
[WhiteElo "1985"]
[BlackElo "1886"]
[Annotator "NA"]
[PlyCount "70"]
[EventDate "2020.08.15"]
[EventType "swiss"]
[EventCountry "POL"]
[SourceTitle "playchess.com"]
[Source "ChessBase"]
[SourceQuality "1"]
[TimeControl "40/5400+30:1800+30"]

{[%evp 10,42,33,25,32767,36,39,11,29,25,33,0,6,0,-6,-16,0,-1,133,14,15,0,25,21,24,18,54,43,29,38,33,49,32767,32767,24]} 1. e4 {[%emt 0:00:00]} c6 {[%emt 0:00:00]} 2. d4 {[%emt 0:00:00]} d5 {[%emt 0:00:00]} 3. exd5 {[%emt 0:00:00]} cxd5 {[%emt 0:00:00]} 4. Bd3 {[%emt 0:00:00]} Nc6 {[%emt 0:00:00]} 5. c3 {[%emt 0:00:00]} g6 {[%emt 0:00:05]} 6. h3 {[%emt 0:00:39]} Nh6 {[%emt 0:08:43] B13: Caro-Kann: Exchange Variation and Panov-Botvinnik Attack.} 7. Nf3 {[%emt 0:01:50]} Bf5 {[%emt 0:00:46]} 8. Be2 {[%emt 0:01:29]} Bg7 {[%emt 0:05:12]} 9. O-O {[%emt 0:00:33]} O-O {[%emt 0:01:34] [#]} 10. Be3 $146 {[%emt 0:16:11]} ({Predecessor:} 10. Bf4 Bxb1 11. Rxb1 Nf5 12. Bd3 e6 13. Re1 Nd6 14. Qe2 Rc8 15. Rbc1 Re8 16. h4 {½-½ (52) Longson,S (2123)-Head,L (2161) Solihull 2018}) 10... f6 {[%emt 0:01:27]} 11. Nbd2 {[%emt 0:04:52]} e5 {[%emt 0:01:36]} 12. dxe5 {[%emt 0:01:00]} fxe5 {[%emt 0:00:07]} 13. Nb3 {[%emt 0:00:57]} b6 {[%emt 0:19:36]} (13... Nf7 $11 {remains equal.}) 14. Qd2 {[%emt 0:06:08]} ({White should try} 14. Bb5 $16 Qd6 15. Bxc6 Qxc6 {[#]} 16. Nxe5 $1 {[%mdl 512]}) 14... Nf7 {[%emt 0:00:15]} 15. Rad1 {[%emt 0:01:26]} Be6 {[%emt 0:00:12]} 16. Ng5 {[%emt 0:09:17]} Nxg5 {[%emt 0:00:16]} 17. Bxg5 {[%emt 0:00:04]} Bf6 {[%emt 0:00:48]} 18. Bxf6 {[%emt 0:06:33]} Qxf6 {[%emt 0:00:24]} 19. Bb5 {[%emt 0:03:16]} Ne7 {[%emt 0:02:45]} 20. Rfe1 {[%emt 0:04:54]} g5 {[%emt 0:03:08]} 21. Qe3 {[%emt 0:04:33]} Ng6 $11 {[%emt 0:00:30]} 22. Nd4 {[%emt 0:30:02]} Bc8 {[%emt 0:01:34]} 23. Nf3 {[%emt 0:03:37]} e4 {[%emt 0:06:48]} 24. Nd4 {[%emt 0:01:22]} Ne5 {[%emt 0:01:52]} 25. Bf1 {[%emt 0:02:08]} g4 {[%emt 0:00:21]} 26. Qg3 {[%emt 0:00:31]} Kh8 {[%emt 0:01:05]} 27. h4 {[%emt 0:00:35]} Rg8 {[%emt 0:01:41]} 28. Kh1 {[%emt 0:00:50]} Rg6 {[%emt 0:01:27]} 29. Nb5 {[%emt 0:00:50]} Bb7 {[%emt 0:01:06]} 30. c4 {[%emt 0:00:16]} Rh6 {[%emt 0:03:38]} 31. Rxd5 {[%emt 0:00:03]} Bxd5 {[%emt 0:00:47]} 32. cxd5 {[%emt 0:00:01]} Rxh4+ {[%emt 0:00:24]} 33. Kg1 {[%emt 0:00:01]} Rg8 {[%emt 0:00:30]} 34. d6 {[%emt 0:00:08]} Nf3+ {[%emt 0:00:39]} 35. gxf3 {[%emt 0:00:06]} gxf3 {[%emt 0:00:06]} 0-1